Loreto College Library, Kolkata
WEBOPAC (ONLINE PUBLIC ACCESS CATALOGUE)

Hindi ki Pahali Kahani (Record no. 18919)

MARC details
000 -LEADER
fixed length control field 00460nam a2200169Ia 4500
008 - FIXED-LENGTH DATA ELEMENTS--GENERAL INFORMATION
fixed length control field 131103s9999 xx 000 0 und d
040 ## - CATALOGING SOURCE
Original cataloging agency Loreto College
041 ## - LANGUAGE CODE
Language code English
082 ## - DDC | ডিউই
Classification number | বর্গসংখ্যা 891.433/THA
Book Number | গ্রন্থাঙ্ক LCLIB/26286
245 ## - TITLE STATEMENT | অাখ্যা বিবরণী
Title | অাখ্যা Hindi ki Pahali Kahani
Statement of responsibility | লেখকের দায়িত্বের বিবরণ Edited by Debesh Thakur
260 ## - IMPRINT | প্রকাশনা ক্ষেত্র
Place of publication | প্রকাশ স্থান Meerat
Name of publisher | প্রকাশকের নাম Menaxsi Prakashan
Date of publication | প্রকাশ কাল 1977
300 ## - PHYSICAL DESCRIPTION |
Page / Vol. No | পৃষ্ঠা / খন্ড সংখ্যা 105 p.
650 ## - SUBJECT ADDED ENTRY--TOPICAL TERM | বিষয় শিরোনাম - মূল বিষয়
Topical term | মূল বিষয় Fiction - Criticism
700 ## - ADDED ENTRY--PERSONAL NAME | অতিরিক্ত সংলেখ - ব্
Personal name | ব্যাক্তিনাম Thakur,Dibesh;ed.
850 ## - HOLDING INSTITUTION
Holding institution LCLIB
942 ## - ADDED ENTRY ELEMENTS (KOHA)
Koha item type Books
Holdings
Withdrawn status Lost status Damaged status Not for loan Home library Current library Date acquired Total Checkouts Full call number Accession No. Date last seen Price effective from Koha item type
        Loreto College Loreto College 04/11/2013   891.433/THA LCLIB/26286 B19712 04/11/2013 04/11/2013 Books